Spory o peněžité nároky pracovníků

Salvato in:
Dettagli Bibliografici
Autore principale: Navrátil, Oldřich
Natura: Libro
Lingua:ceco
Pubblicazione: Praha Práce 1986
Serie:Na pomoc rozhodčím komisím
Tags: Aggiungi Tag
Nessun Tag, puoi essere il primo ad aggiungerne!!

MARC

LEADER 00000nam a2200000 4500
001 c103521
005 20050302095207.9
041 0 |a cze 
044 |a CZ 
245 1 0 |a Spory o peněžité nároky pracovníků  |c Oldřich Navrátil 
264 1 |a Praha  |b Práce  |c 1986 
300 |a 129 s. 
490 1 |a Na pomoc rozhodčím komisím 
830 0 |a Na pomoc rozhodčím komisím 
100 1 |a Navrátil, Oldřich